• 首页
  • 本馆介绍
  • 公告通知
  • 最新文献
  • 馆藏检索
  • 电子资源
  • 读者导购
  • 参考咨询
  • 我的图书馆
  • 登录
  • 详细信息显示
  • 放入我的书架
  • 预约/预借图书
  • 作者相关作品
  • 分类相关作品
  • 丛书相关作品
  • 出版社相关作品

书目信息

  • 表格格式
  • 工作单格式
  • 卡片格式
题名:
衰世南北朝
    
 
作者: 姜若木 编著
分册:  
出版信息: 北京   中国文史出版社  2019
页数: 235页
开本: 24cm
丛书名:
单 册:
中图分类: K239.09
科图分类:
主题词: 南北朝时代--nan bei chao shi dai--历史--通俗读物
电子资源:
ISBN: 978-7-5205-0761-5
000 00902nam0 2200241 450
001 2160507564
005 20210926145304.0
010    @a978-7-5205-0761-5@dCNY48.00
100    @a20191105d2019 em y0chiy0120 ea
101 0  @achi
102    @aCN@b110000
105    @aa z 000yy
106    @ar
200 1  @a衰世南北朝@Ashuai shi nan bei chao@f姜若木编著
210    @a北京@c中国文史出版社@d2019
215    @a235页@c图@d24cm
300    @a述说历代春秋
330    @a本书对南北朝时代历史上存在过的人物做了解析,对重大的历史问题进行辨析,内容包括:刘宋:南朝最为强大的朝代;南齐:一个短命的王朝;萧梁:“自我得之,自我失之”;北魏:中国历史上第一个重要的少数民族朝代;东魏、北齐:民族融合中的曲折等。
606 0  @a南北朝时代@Anan bei chao shi dai@x历史@j通俗读物
690    @aK239.09@v5
701  0 @a姜若木@Ajiang ruo mu@4编著
801  0 @aCN@b百万庄@c20210926
905    @b1300563-66@dK239.09@e150@f4
    
    衰世南北朝/姜若木编著.-北京:中国文史出版社,2019
    235页:图;24cm
    述说历代春秋
    
    ISBN 978-7-5205-0761-5:CNY48.00
    本书对南北朝时代历史上存在过的人物做了解析,对重大的历史问题进行辨析,内容包括:刘宋:南朝最为强大的朝代;南齐:一个短命的王朝;萧梁:“自我得之,自我失之”;北魏:中国历史上第一个重要的少数民族朝代;东魏、北齐:民族融合中的曲折等。
●
相关链接 在E读中查询图书 在五车中查询图书 在当当中查询图书 在豆瓣中查询图书


正题名:衰世南北朝     索取号:K239.09/150         预约/预借

序号 登录号 条形码 馆藏地/架位号 状态 备注
1 1300563   213005638   第二样本阅览室/ [索取号:K239.09/150] 在馆    
2 1300564   213005647   第二借阅区/ [索取号:K239.09/150] 在馆    
3 1300565   213005656   第二借阅区/ [索取号:K239.09/150] 在馆    
4 1300566   213005665   第二借阅区/ [索取号:K239.09/150] 在馆    
唐山师范学院图书馆 欢迎您!
大连网信软件有限公司© 版权所有